Statistics for HCI Making Sense of Quantitative Data
Gorde:
| Egile nagusia: | |
|---|---|
| Formatua: | Liburua |
| Argitaratua: |
springer
|
| Etiketak: |
Etiketarik gabe, Izan zaitez lehena erregistro honi etiketa jartzen!
|
MARC
| LEADER | 00000nam a2200000Ia 4500 | ||
|---|---|---|---|
| 005 | 20260515061615.0 | ||
| 100 | |a Dix, Alan. | ||
| 020 | |a 9783031011009 | ||
| 942 | |c BK | ||
| 245 | |a Statistics for HCI Making Sense of Quantitative Data | ||
| 260 | |b springer | ||
| 999 | |c 34 |d 34 | ||
| 952 | |0 0 |1 0 |4 0 |7 0 |a ABDN |b ABDN |d 2026-05-15 |l 0 |p 000012 |r 2026-05-15 06:16:15 |w 2026-05-15 |y BK | ||